| 000 | 01020nam a2200241 a 4500 | ||
|---|---|---|---|
| 001 | 000001947 | ||
| 005 | 20200929145753.0 | ||
| 008 | 090630s2004 sp a 001 0 spa d | ||
| 020 | _a8489327181 | ||
| 040 |
_aDO-SdBNP _bspa _cBNPHU |
||
| 082 |
_aR 615.1 _bV123i, 2004 |
||
| 245 | 0 | 0 |
_aVademecum internacional : _bespecialidades farmacéuticas y biológicas, productos y artículos de parafarmacia y métodos de diagnóstico / _cdirector general Javier Sanz. |
| 250 | _a45ª ed. | ||
| 260 |
_aMadrid : _bMEDICOM, _c2004. |
||
| 300 |
_a2135 p. : _bil. ; _c30 cm. |
||
| 505 | 0 |
_gDirectorio de delegados y representantes -- _tIdentificación de productos -- _tEspecialidades farmacéuticas -- _tÍndice farmacológico -- _tÍndice de principios activos -- _tÍndice terapéutico -- _tÍndice de especialidades. |
|
| 650 | 4 |
_aMedicamentos _96323 |
|
| 650 | 4 |
_aFarmacia _96324 |
|
| 650 | 4 |
_aFarmacopea _96325 |
|
| 650 | 4 |
_aFarmacología _96326 |
|
| 700 | 1 |
_aSanz, Javier, _edir. _96327 |
|
| 910 | _aValidado. Control de calidad EMS | ||
| 999 |
_c1813 _d1813 |
||